000 01258nam a2200265 i 4500
001 000014196
003 DO-SdBNP
005 20231024091846.0
007 ta
008 091207s1977 dr a 000 0 spa d
040 _aDO-SdBNP
_bspa
_cBNPHU
_erda
082 _a658.80963
_bR426d
_222
110 1 _aRepública Dominicana
_bSecretaría de Estado de Agricultuta
_bSecretaría Técnica de Planificación Sectorial Agropecuaria
_932073
245 1 0 _aDiagnóstico del sistema de mercadeo agricola en República Dominicana 1977
264 _aSanto Domingo :
_bSecretaría de Estado de Agricultura,
_c1977.
300 _a313 p. :
_bil. ;
_c29 cm.
336 _2rdacontent
_atexto
_btxt
337 _2rdamedia
_asin mediación
_bn
338 _2rdacarrier
_avolumen
_bnc
500 _aIncluye notas al pie de las páginas
505 _aPrefacio 7 -- Capitulo I. 9 -- Algunas Referencias sobre el sector Agropecuario 11 -- Capitulo II. 15 -- Caracterización del Acopio Rural 17 -- Capitulo III. 25 -- La Distribución de Alimentos 27 -- Capitulo IV. 59 -- Servicio de Mercadeo 61 -- Capitulo V. 75 -- Comercialización por productos 77 -- Capitulo VI 263 -- Conclusiones 263 -- Anexos 269
590 _aInventariado, 2023/DG
910 _aDG
942 _2ddc
_cLBS1
999 _c13797
_d13797